| 000 | 00559 a2200181 4500 | ||
|---|---|---|---|
| 003 | OSt | ||
| 005 | 20250707134514.0 | ||
| 008 | 250704b |||||||| |||| 00| 0 eng d | ||
| 020 | _a9788122472264 | ||
| 040 | _coclc | ||
| 082 |
_a541.35 _bROH/F |
||
| 100 |
_aRohatgi, K K _94234 |
||
| 245 |
_aFundamentals of Photochemistry / _cK. K. Rohatgi-Mukherjee |
||
| 250 | _a4th ed. | ||
| 260 |
_aNew Delhi: _bNew Age International, _c2021. |
||
| 300 |
_axii, 392 pages _bIllustrations; 25 cm |
||
| 942 |
_2ddc _cBK _h541.35 _iROH/F _k541.35 _mROH/F |
||
| 999 |
_c44611 _d44611 |
||